000 00281nam a2200097Ia 4500
001 1299408
005 20260417170344.0
008 260417s9999 xx 000 0 und d
245 0 _aTÜRKİYE'Yİİ GEZİYORUM 5 LEVENT MUĞLA'DA
_cMUSTAFA ORAKÇI
260 _bTİMAŞ ÇOCUK YAYINLARI
999 _c1299408
_d1299408